Millman's electronic devices & circuits / (Record no. 188431)
[ view plain ]
| 000 -LEADER | |
|---|---|
| fixed length control field | 01274 a2200205 4500 |
| 003 - CONTROL NUMBER IDENTIFIER | |
| control field | Nust |
| 005 - DATE AND TIME OF LATEST TRANSACTION | |
| control field | 20220811085151.0 |
| 020 ## - INTERNATIONAL STANDARD BOOK NUMBER | |
| International Standard Book Number | 9780070634558 |
| 040 ## - CATALOGING SOURCE | |
| Transcribing agency | Nust |
| 082 ## - DEWEY DECIMAL CLASSIFICATION NUMBER | |
| Classification number | 621.381,MIL |
| 100 ## - MAIN ENTRY--PERSONAL NAME | |
| Personal name | Millman, Jacob |
| 9 (RLIN) | 41595 |
| 245 ## - TITLE STATEMENT | |
| Title | Millman's electronic devices & circuits / |
| Statement of responsibility, etc. | Jacob Millman |
| 250 ## - EDITION STATEMENT | |
| Edition statement | 2nd Edition |
| 260 ## - PUBLICATION, DISTRIBUTION, ETC. | |
| Place of publication, distribution, etc. | New Delhi |
| Name of publisher, distributor, etc. | Tata McGraw-Hill |
| Date of publication, distribution, etc. | 2007 |
| 300 ## - PHYSICAL DESCRIPTION | |
| Extent | 656 p. |
| 505 ## - FORMATTED CONTENTS NOTE | |
| Formatted contents note | Electron Ballistics and Applications (Page-1), Energy Levels and Energy Bands (Page-41), Conduction in Metals (Page-59), Conduction in Semiconductors (Page-83), Semiconductor-Diode Characteristics (Page-111),. Applications of Diode (Page-177), Transistor Characteristics (Page-247), Transistor Biasing and Thermal Stabilization (Page-284). Small-Signal Low-Frequency Transistor Model (Page-317). Low-Frequency Transistor Amplifier Circuits (Page-343), The High-Frequency Transistor (Page-381), Field-Effect Transistors (Page-401), Integrated Circuits (Page-434), Untuned Amplifiers (Page-462) Feedback Amplifiers and Oscillators (Page-487), Large-Signal Amplifiers (Page-563), Photoelectric Devices(Page-583), Regulated Power Supplies (Page-616). |
| 650 ## - SUBJECT ADDED ENTRY--TOPICAL TERM | |
| Topical term or geographic name entry element | Telecommunication Engineering |
| 700 ## - ADDED ENTRY--PERSONAL NAME | |
| Personal name | Christos C. Halkias |
| 9 (RLIN) | 96772 |
| 942 ## - ADDED ENTRY ELEMENTS (KOHA) | |
| Koha item type | Reference |
| Source of classification or shelving scheme | |
| Withdrawn status | Lost status | Source of classification or shelving scheme | Damaged status | Not for loan | Permanent Location | Current Location | Shelving location | Date acquired | Full call number | Barcode | Date last seen | Price effective from | Koha item type | Public note |
|---|---|---|---|---|---|---|---|---|---|---|---|---|---|---|
| Military College of Signals (MCS) | Military College of Signals (MCS) | Reference | 12/12/2016 | 621.381,MIL | MCS34639 | 12/08/2016 | 12/12/2016 | Reference | Almirah No.20, Shelf No.1 |
